| 000 | 01039cam a2200325 i 4500 | ||
|---|---|---|---|
| 001 | 200461688 | ||
| 003 | TR-AnTOB | ||
| 005 | 20240711141646.0 | ||
| 007 | ta | ||
| 008 | 130826s2009 tu $r01 $$$$ tur utur d | ||
| 020 | _a9789759917548 | ||
| 040 |
_a TR-AnTOB _beng _erda _c TR-AnTOB |
||
| 041 | 0 | _atur | |
| 050 | 1 |
_aPR6101.A8 _bC56619 2008 |
|
| 090 |
_aPR6101.A8 _bC56619 2008 |
||
| 100 | 1 |
_aHopkins, Cathy, _d1953- _eauthor _9146275 |
|
| 240 | 1 | 0 |
_aCınnamon girl: this way to paradise. _lTurkish. |
| 245 | 1 | 0 |
_aTarçın kız 1 : _bcennete giden yol / _cCathy Hopkins ; çeviri Handan Akdemir. |
| 250 | _a1. baskı | ||
| 264 | 1 |
_aİstanbul : _bDoğan Egmont, _c2008. |
|
| 300 |
_a204 pages ; _c20 cm |
||
| 336 |
_atext _btxt _2rdacontent |
||
| 337 |
_a unmediated _bn _2rdamedia |
||
| 338 |
_avolume _bnc _2rdacarrier |
||
| 650 | 7 |
_aİngiliz romanı _2etuturkob _96057 |
|
| 700 | 1 |
_aAkdemir, Handan _etranslator _9125913 |
|
| 700 | 1 |
_aBirden, Nural _epreparer _9146276 |
|
| 942 |
_2lcc _cBK |
||
| 999 |
_c200461688 _d79900 |
||